| 000 | 00856cam a2200265 a 4500 | ||
|---|---|---|---|
| 001 | 3789 | ||
| 005 | 20240507145327.0 | ||
| 020 | _a9780140559040 | ||
| 040 |
_aDLC _cDLC _dDLC _beng |
||
| 050 | 0 | 0 |
_aPE1155.J645 _b1995 |
| 082 | 0 | 0 | _a421.1 |
| 100 | 1 |
_aJohnson, Stephen _d1964- |
|
| 245 | 1 | 0 |
_aAlphabet city / _cStephen T. Johnson. |
| 260 |
_aNew York : _bPuffin Books ; _c1995 |
||
| 300 |
_a32 unnumbered pages : _bcolor illustrations ; _c28 cm. |
||
| 505 | _aK | ||
| 520 | _aPaintings of objects in an urban setting present the letters of the alphabet. | ||
| 521 | 1 |
_a510
_bLexile estimate |
|
| 521 | 1 |
_aK
_bRaz-Plus |
|
| 650 | 0 |
_aEnglish language _xAlphabet _xJuvenile literature. |
|
| 650 | 0 |
_aCity and town life _xJuvenile literature. |
|
| 650 | 1 | _aAlphabet. | |
| 906 |
_a7 _bcbc _corignew _d1 _eocip _f19 _gy-gencatlg |
||
| 942 |
_2ddc _cBK _n0 |
||
| 999 |
_c3789 _d3789 |
||